|
|
|
|
| LEADER |
03950nam a2200601 4500 |
| 001 |
978-981-13-6717-5 |
| 003 |
DE-He213 |
| 005 |
20191022102136.0 |
| 007 |
cr nn 008mamaa |
| 008 |
190404s2019 si | s |||| 0|eng d |
| 020 |
|
|
|a 9789811367175
|9 978-981-13-6717-5
|
| 024 |
7 |
|
|a 10.1007/978-981-13-6717-5
|2 doi
|
| 040 |
|
|
|d GrThAP
|
| 050 |
|
4 |
|a TA703-705.4
|
| 050 |
|
4 |
|a TA775-787
|
| 072 |
|
7 |
|a RBP
|2 bicssc
|
| 072 |
|
7 |
|a SCI042000
|2 bisacsh
|
| 072 |
|
7 |
|a RBP
|2 thema
|
| 072 |
|
7 |
|a RBGK
|2 thema
|
| 082 |
0 |
4 |
|a 624.15
|2 23
|
| 245 |
1 |
0 |
|a Sustainable Engineering
|h [electronic resource] :
|b Proceedings of EGRWSE 2018 /
|c edited by Arvind Kumar Agnihotri, Krishna Reddy, Ajay Bansal.
|
| 250 |
|
|
|a 1st ed. 2019.
|
| 264 |
|
1 |
|a Singapore :
|b Springer Singapore :
|b Imprint: Springer,
|c 2019.
|
| 300 |
|
|
|a XII, 388 p. 160 illus., 112 illus. in color.
|b online resource.
|
| 336 |
|
|
|a text
|b txt
|2 rdacontent
|
| 337 |
|
|
|a computer
|b c
|2 rdamedia
|
| 338 |
|
|
|a online resource
|b cr
|2 rdacarrier
|
| 347 |
|
|
|a text file
|b PDF
|2 rda
|
| 490 |
1 |
|
|a Lecture Notes in Civil Engineering,
|x 2366-2557 ;
|v 30
|
| 505 |
0 |
|
|a Application of response surface methodology to optimize the reaction parameters for grafting of cellulosic fiber -- Bioregeneration of granular activated carbon adsobred with analytical grade hydroquinone compound using mixed bacterial culture -- Bearing Capacity improvement of Sand Bed Reinforced with 3D Geogrids of Rectangular Pattern -- Rain Garden, A Solution to Urban Flooding: A Review -- Al-Fe and Al-Ti pillared saponite clay catalysts: Preparation and Characterization -- Performance Based Seismic Evaluation of Multi Storey R.C.C Building with Addition of Shear Wall -- Synthesis and characterization of the graft copolymers of starch for the application in packaging films -- Application of RSM for optimizing the biodiesel production catalyzed by calcium methoxide -- Synthesis and characterization of chemically derived graphene oxide from graphite.
|
| 520 |
|
|
|a This volume contains selected papers presented during the International Conference on Environmental Geotechnology, Recycled Waste Material and Sustainable Engineering (EGRWSE-2018). The multidisciplinary articles in this volume discuss environment-friendly technologies and the application of 'smart' solutions and initiatives to improve infrastructure and services, with a strong emphasis on sustainability and conservation of resources. This volume will be of interest to engineers, professionals, and researchers working on improving urban infrastructure and strengthen civic amenities in a sustainable manner. .
|
| 650 |
|
0 |
|a Engineering geology.
|
| 650 |
|
0 |
|a Engineering-Geology.
|
| 650 |
|
0 |
|a Foundations.
|
| 650 |
|
0 |
|a Hydraulics.
|
| 650 |
|
0 |
|a Environmental engineering.
|
| 650 |
|
0 |
|a Biotechnology.
|
| 650 |
|
0 |
|a Geotechnical engineering.
|
| 650 |
1 |
4 |
|a Geoengineering, Foundations, Hydraulics.
|0 http://scigraph.springernature.com/things/product-market-codes/T23020
|
| 650 |
2 |
4 |
|a Environmental Engineering/Biotechnology.
|0 http://scigraph.springernature.com/things/product-market-codes/U33000
|
| 650 |
2 |
4 |
|a Geotechnical Engineering & Applied Earth Sciences.
|0 http://scigraph.springernature.com/things/product-market-codes/G37010
|
| 700 |
1 |
|
|a Agnihotri, Arvind Kumar.
|e editor.
|4 edt
|4 http://id.loc.gov/vocabulary/relators/edt
|
| 700 |
1 |
|
|a Reddy, Krishna.
|e editor.
|4 edt
|4 http://id.loc.gov/vocabulary/relators/edt
|
| 700 |
1 |
|
|a Bansal, Ajay.
|e editor.
|4 edt
|4 http://id.loc.gov/vocabulary/relators/edt
|
| 710 |
2 |
|
|a SpringerLink (Online service)
|
| 773 |
0 |
|
|t Springer eBooks
|
| 776 |
0 |
8 |
|i Printed edition:
|z 9789811367168
|
| 776 |
0 |
8 |
|i Printed edition:
|z 9789811367182
|
| 776 |
0 |
8 |
|i Printed edition:
|z 9789811367199
|
| 830 |
|
0 |
|a Lecture Notes in Civil Engineering,
|x 2366-2557 ;
|v 30
|
| 856 |
4 |
0 |
|u https://doi.org/10.1007/978-981-13-6717-5
|z Full Text via HEAL-Link
|
| 912 |
|
|
|a ZDB-2-ENG
|
| 950 |
|
|
|a Engineering (Springer-11647)
|